<?xml version="1.0" encoding="UTF-8"?>
<record
    xmlns:xsi="http://www.w3.org/2001/XMLSchema-instance"
    xsi:schemaLocation="http://www.loc.gov/MARC21/slim http://www.loc.gov/standards/marcxml/schema/MARC21slim.xsd"
    xmlns="http://www.loc.gov/MARC21/slim">

  <leader>00506nam a2200193Ia 4500</leader>
  <controlfield tag="008">240612s9999    xx            000 0 und d</controlfield>
  <datafield tag="020" ind1=" " ind2=" ">
    <subfield code="a">978-93-88061-05-6</subfield>
  </datafield>
  <datafield tag="082" ind1=" " ind2=" ">
    <subfield code="a">302.4</subfield>
  </datafield>
  <datafield tag="082" ind1=" " ind2=" ">
    <subfield code="b">JAG</subfield>
  </datafield>
  <datafield tag="100" ind1=" " ind2=" ">
    <subfield code="a">&#xB9C;&#xBC6;&#xB95;&#xBBE;&#xBA4;&#xBBE;</subfield>
  </datafield>
  <datafield tag="245" ind1=" " ind2="0">
    <subfield code="a">&#xB9C;&#xBB2;&#xBCD;&#xBB2;&#xBBF;&#xB95;&#xBCD;&#xB95;&#xB9F;&#xBCD;&#xB9F;&#xBC1;</subfield>
  </datafield>
  <datafield tag="250" ind1=" " ind2=" ">
    <subfield code="a">&#xBAE;&#xBC1;&#xBA4;&#xBB2;&#xBCD; &#xBAA;&#xBA4;&#xBBF;&#xBAA;&#xBCD;&#xBAA;&#xBC1;</subfield>
  </datafield>
  <datafield tag="260" ind1=" " ind2=" ">
    <subfield code="a">&#xB9A;&#xBC6;&#xBA9;&#xBCD;&#xBA9;&#xBC8;</subfield>
  </datafield>
  <datafield tag="260" ind1=" " ind2=" ">
    <subfield code="b"> &#xB9A;&#xBC0;&#xBA4;&#xBC8; &#xBAA;&#xBA4;&#xBBF;&#xBAA;&#xBCD;&#xBAA;&#xB95;&#xBAE;&#xBCD;</subfield>
  </datafield>
  <datafield tag="260" ind1=" " ind2=" ">
    <subfield code="c">2017</subfield>
  </datafield>
  <datafield tag="300" ind1=" " ind2=" ">
    <subfield code="a">120</subfield>
  </datafield>
  <datafield tag="650" ind1=" " ind2=" ">
    <subfield code="a">pages</subfield>
  </datafield>
  <datafield tag="942" ind1=" " ind2=" ">
    <subfield code="c">TAMIL</subfield>
  </datafield>
  <datafield tag="999" ind1=" " ind2=" ">
    <subfield code="c">507902</subfield>
    <subfield code="d">507902</subfield>
  </datafield>
  <datafield tag="952" ind1=" " ind2=" ">
    <subfield code="0">0</subfield>
    <subfield code="1">0</subfield>
    <subfield code="4">0</subfield>
    <subfield code="7">0</subfield>
    <subfield code="a">ACL</subfield>
    <subfield code="b">ACL</subfield>
    <subfield code="d">2024-06-12</subfield>
    <subfield code="g">90.00</subfield>
    <subfield code="l">0</subfield>
    <subfield code="o">302.4  JAG</subfield>
    <subfield code="p">640697</subfield>
    <subfield code="r">2024-06-12 17:24:09</subfield>
    <subfield code="v">90.00</subfield>
    <subfield code="w">2024-06-12</subfield>
    <subfield code="y">REF</subfield>
  </datafield>
  <datafield tag="952" ind1=" " ind2=" ">
    <subfield code="0">0</subfield>
    <subfield code="1">0</subfield>
    <subfield code="4">0</subfield>
    <subfield code="7">0</subfield>
    <subfield code="a">ACL</subfield>
    <subfield code="b">ACL</subfield>
    <subfield code="d">2024-06-12</subfield>
    <subfield code="g">90.00</subfield>
    <subfield code="l">0</subfield>
    <subfield code="o">302.4  JAG</subfield>
    <subfield code="p">640698</subfield>
    <subfield code="r">2024-06-12 18:57:54</subfield>
    <subfield code="v">90.00</subfield>
    <subfield code="w">2024-06-12</subfield>
    <subfield code="y">TAMIL</subfield>
  </datafield>
</record>
